Effectiveness of Selected Advisory Channels on Safe Use of Pesticides in Kale Production Among the Small Scale Farmers in Kisii County (Record no. 216010)

MARC details
000 -LEADER
fixed length control field 00697nam a22001577a 4500
008 - FIXED-LENGTH DATA ELEMENTS--GENERAL INFORMATION
fixed length control field 250811b |||||||| |||| 00| 0 eng d
050 ## - LIBRARY OF CONGRESS CALL NUMBER
Classification number THE S 494.5 .P47 K4 N93
Item number C.1
100 ## - MAIN ENTRY--PERSONAL NAME
Personal name Nyagwansa, Rose Nyansarora
245 ## - TITLE STATEMENT
Title Effectiveness of Selected Advisory Channels on Safe Use of Pesticides in Kale Production Among the Small Scale Farmers in Kisii County
260 ## - PUBLICATION, DISTRIBUTION, ETC.
Place of publication, distribution, etc. Kisii
Name of publisher, distributor, etc. Kisii University
Date of publication, distribution, etc. 2021
300 ## - PHYSICAL DESCRIPTION
Extent xviii, 99p.:ill.
500 ## - GENERAL NOTE
General note Includes bibliographical references
650 ## - SUBJECT ADDED ENTRY
Topical term or geographic name entry element 1. Pesticides - Safety measures - Kenya. 2. Agricultural extension work - Kenya. 3. Kale - Kenya - Postharvest technology. 4. Small farms - Kenya.
942 ## - ADDED ENTRY ELEMENTS (KOHA)
Source of classification or shelving scheme Library of Congress Classification
Koha item type Reference
Holdings
Withdrawn status Lost status Source of classification or shelving scheme Damaged status Not for loan Collection Home library Current library Date acquired Inventory number Total checkouts Full call number Barcode Date last seen Copy number Price effective from Koha item type
    Library of Congress Classification     Special Research Kisii University Library Kisii University Library 08/11/2025 109409   THE S 494.5 .P47 K4 N93 000000024318 08/11/2025 C.1 08/11/2025 Reference